| 000 | 00785cam a2200193 a 4500 | ||
|---|---|---|---|
| 020 | _a9789251072776 (pbk.) | ||
| 020 | _a9251072779 (pbk.) | ||
| 040 | _cUKMGB | ||
| 082 | _a333 FAO 2012 C131 Or. | ||
| 245 | 0 | 0 | _aVoluntary guidelines on the responsible governance of tenure of land, fisheries and forests in the context of national food security / |
| 246 | 3 | 0 | _aResponsible governance of tenure of land, fisheries and forests in the context of national food security |
| 260 |
_aRome : _bFood and Agriculture Organization of the United Nations, _c2012. |
||
| 300 |
_a40 p. ; _c25 cm. |
||
| 500 | _aPublisher's number: 12801E/1/06.12. | ||
| 650 | 0 | _aFood security. | |
| 650 | 0 | _aFood supply. | |
| 710 | 2 | _aFood and Agriculture Organization of the United Nations. | |
| 942 | _cAEDBB | ||
| 999 |
_c20977 _d20977 |
||